<?xml version="1.0" encoding="UTF-8"?>
<collection xmlns="http://www.loc.gov/MARC21/slim">
 <record>
  <leader>01353nam a2200217Ia 4500</leader>
  <controlfield tag="001">TDMU_16645</controlfield>
  <controlfield tag="008">210410s9999    xx            000 0 und d</controlfield>
  <datafield tag="082" ind1=" " ind2=" ">
   <subfield code="a">324.2957071</subfield>
  </datafield>
  <datafield tag="090" ind1=" " ind2=" ">
   <subfield code="b">B105</subfield>
  </datafield>
  <datafield tag="100" ind1=" " ind2=" ">
   <subfield code="a">Ban tư tưởng - Văn hóa trung ương</subfield>
  </datafield>
  <datafield tag="245" ind1=" " ind2="0">
   <subfield code="a">Đẩy mạnh học tập và làm theo tấm gương đạo đức Hồ Chí Minh</subfield>
  </datafield>
  <datafield tag="245" ind1=" " ind2="0">
   <subfield code="b">Tài liệu học tập trong cuộc vận động Học tập và làm theo tấm gương đạo đức Hồ Chí Minh</subfield>
  </datafield>
  <datafield tag="245" ind1=" " ind2="0">
   <subfield code="c">Ban tư tưởng - Văn hóa trung ương</subfield>
  </datafield>
  <datafield tag="260" ind1=" " ind2=" ">
   <subfield code="a">H.</subfield>
  </datafield>
  <datafield tag="260" ind1=" " ind2=" ">
   <subfield code="b">Chính trị quốc gia</subfield>
  </datafield>
  <datafield tag="260" ind1=" " ind2=" ">
   <subfield code="c">2007</subfield>
  </datafield>
  <datafield tag="300" ind1=" " ind2=" ">
   <subfield code="a">112tr.</subfield>
  </datafield>
  <datafield tag="520" ind1=" " ind2=" ">
   <subfield code="a">Đẩy mạnh học tập và làm theo tấm gương đạo đức Hồ Chí Minh trong giai đoạn hiện nay; Giới thiệu tác phẩm nâng cao đạo đức cách mạng, quýet sạch chủ nghĩa cá nhân của Chủ tịch Hồ Chí Minh; Giới thiệu tác phẩm Di chúc của Hồ Chí Minh.</subfield>
  </datafield>
  <datafield tag="650" ind1=" " ind2=" ">
   <subfield code="a">Hồ Chí Minh</subfield>
   <subfield code="d">(1890-1969)</subfield>
   <subfield code="x">Đạo đức; Đạo đức cách mạng</subfield>
   <subfield code="x">Học tập; Chủ nghĩa cá nhân</subfield>
   <subfield code="z">Việt Nam</subfield>
  </datafield>
  <datafield tag="856" ind1=" " ind2=" ">
   <subfield code="u">http://lrc.tdmu.edu.vn/opac/search/detail.asp?aID=2&amp;ID=16645</subfield>
  </datafield>
  <datafield tag="980" ind1=" " ind2=" ">
   <subfield code="a">Trung tâm Học liệu Trường Đại học Thủ Dầu Một</subfield>
  </datafield>
 </record>
</collection>
